000
00336 a2200169 4500
001
70884
020
_a
8506028027
040
_c
Anchieta - Itaigara
100
_a
Spence, David
240
1
0
_a
Rembrandt
_l
por
245
1
0
_a
Rembrandt
300
_a
31
362
0
_a
1998
440
1
_a
Melhoramentos
650
4
_a
Pintura
942
_c
BK
999
_c
70884
_d
70884